LIBRARY & INFORMATION CENTRE, KCAET, TAVANUR

ONLINE PUBLIC ACCESS CATALOGUE (OPAC)

Analysis and Design Practice of Hydraulic Concrete Structures (Record no. 14203)

MARC details
000 -LEADER
fixed length control field 00394nam a22001337a 4500
020 ## - INTERNATIONAL STANDARD BOOK NUMBER
ISBN 9788120345942
082 ## - DEWEY DECIMAL CLASSIFICATION NUMBER
Classification number 624.18341
Item number GHO/AN
100 ## - MAIN ENTRY--AUTHOR NAME
Personal name Karuna Moy Ghosh
245 ## - TITLE STATEMENT
Title Analysis and Design Practice of Hydraulic Concrete Structures
250 ## - EDITION STATEMENT
Edition statement 2
260 ## - PUBLICATION, DISTRIBUTION, ETC. (IMPRINT)
Place of publication Delhi
Name of publisher PHL Learning Private Limited
Year of publication 2013
300 ## - PHYSICAL DESCRIPTION
Number of Pages 166
942 ## - ADDED ENTRY ELEMENTS (KOHA)
Koha item type Books
Holdings
Withdrawn status Lost status Damaged status Collection code Home library Current library Shelving location Date acquired Source of acquisition Cost, normal purchase price Full call number Accession Number Koha item type
        KAUAET KAUAET General Stacks 30/03/2013 Aman Book Stall, Calicut 195.00 624.18341 GHO/AN 24004 Books
free website counter